00270nam a2200121Ia 4500008004100000100002300041245002000064260002200084300000800106650001000114942000700124999001700131190216s9999||||xx |||||||||||||| ||und|| aDevendra St Yarthi 0aHindi-Sui Bazar bSahithya Bharathi a175 aHindi cBK c16237d16237